Tóth Bélát választották meg az írócsoport titkárává
Elmentve itt :
| Szerző: | |
|---|---|
| Dokumentumtípus: | Cikk |
| Megjelent: |
1976-06-26
|
| Sorozat: | Délmagyarország
66 No. 150 |
| Kulcsszavak: | Tóth Béla, irodalmi élet |
| Online Access: | http://dmarchiv.bibl.u-szeged.hu/100885 |
| LEADER | 00503nab a2200157 i 4500 | ||
|---|---|---|---|
| 001 | delm100885 | ||
| 005 | 20190503133356.0 | ||
| 008 | 190503s1976 hu o 0|| hun d | ||
| 040 | |a SZTE Délmagyarország Archívum |b hun | ||
| 041 | |a hun | ||
| 100 | 1 | |a Nikolényi István | |
| 245 | 1 | 0 | |a Tóth Bélát választották meg az írócsoport titkárává |h [elektronikus dokumentum] / |c Nikolényi István |
| 260 | |c 1976-06-26 | ||
| 300 | |a 5 | ||
| 490 | 0 | |a Délmagyarország |v 66 No. 150 | |
| 695 | |a Tóth Béla, irodalmi élet | ||